| 000 | 00986nam a2200229Ia 4500 | ||
|---|---|---|---|
| 999 |
_c38114 _d38114 |
||
| 001 | 4102 | ||
| 003 | GE_BSU | ||
| 005 | 20190923115614.0 | ||
| 008 | 181216s1997||||ge |||||||||||||| ||geo|| | ||
| 020 | _a5511007676 | ||
| 040 | _cGE_BSU | ||
| 041 | _ageo | ||
| 080 | _a398(479.22) ქ–88 | ||
| 100 |
_aქურდოვანიძე, თეიმურაზ _93290 |
||
| 245 |
_aქართული ზეპირსიტყვიერების ჟანრები / _cთეიმურაზ ქურდოვანიძე; რედ.: ო. ონიანი. |
||
| 264 |
_aთბ. : _bთბილ. უნ-ტის გამ-ბა, _c1997. |
||
| 300 |
_a59 გვ.; _b20 სმ. |
||
| 490 | _aუნივერსიტეტი-სკოლას | ||
| 653 | _aქართული ზეპირსიტყვიერების ჟანრები; | ||
| 700 |
_aონიანი, ო. _eრედაქტორი _94220 |
||
| 942 |
_cBK _2udc |
||